00381nam a2200145Ia 4500008004100000020001800041041000800059082001800067100001400085245006400099260002200163300000800185365001600193700002600209230718s9999 xx 000 0 und d a9781847940728 aeng a658.3'01bCON aConaty B. aTalent MastersbWhy Smart Leaders Put People Before Numbers c2011bRadom House a320 cRs.b699.00 aConaty B. & Charan R.